000 00655nam a2200205 a 4500
001 000003407
005 20200929150430.0
008 781116s1983 sp 000 f spa
020 _a8401360331
040 _aDO-SdBNP
_bspa
_cBNPHU
082 _a813.54
_bS584p
100 1 _aSilliphant, Stirling,
_d1918-1996.
_910619
245 1 0 _aPearl harbor /
_cStirling Silliphant ; traductor, Ana María de la Fuente.
260 _aBarcelona :
_bPlaza & Janes,
_c1983.
300 _a286 p. ;
_c22 cm.
490 1 _aGran Parada.
650 4 _aNovela estadounidense
_9262
650 4 _aLiteratura estadounidense
_9263
700 1 _aFuente, Ana María de la,
_etr.
_910620
999 _c3237
_d3237